| 000 | 01109cab a2200193 4500 | ||
|---|---|---|---|
| 001 | ##L134607 | ||
| 008 | 060818n2006 000 0 eng u | ||
| 035 | _a(Sirsi) u134607 | ||
| 041 | 0 | _aeng | |
| 100 | 1 | _aMann, Will | |
| 245 | 0 | 0 | _aCement cleans up its act |
| 260 | _c2006 | ||
| 490 | 0 |
_aContract Journal _v434(6588) 16 August 2006, 24-25(2) |
|
| 520 | _aThe cement industry has a poor environmental record, producing between 5-10% of global carbon emissions. This article looks at the way UK cement producers are now using more environmentally friendly fuels, often based on waste products, and also developing alternative cement products, especially blended cements containing less clinker. C-Fix, a carbon-rich thermoplastic binder, made of waste materials from the oil distilling process, is poised to break into the UK market, having already been used on a number of projects in Europe. | ||
| 590 | _aIKA220806 | ||
| 651 | 4 |
_aUnited Kingdom _y |
|
| 690 | _aBUILT ENVIRONMENT-BUILDING MATERIALS-CEMENTITIOUS, CONCRETE AND MINERAL BOUND MATERIALS-CEMENTITIOUS MATERIALS AND BINDERS | ||
| 942 | _n0 | ||
| 999 |
_c77587 _d77587 |
||